MARC details
| 000 -LEADER |
| fixed length control field |
01649cam a2200373Ii 4500 |
| 001 - CONTROL NUMBER |
| control field |
vtls003256836 |
| 003 - CONTROL NUMBER IDENTIFIER |
| control field |
MY-SjTCS |
| 005 - DATE AND TIME OF LATEST TRANSACTION |
| control field |
20200508124500.0 |
| 006 - FIXED-LENGTH DATA ELEMENTS--ADDITIONAL MATERIAL CHARACTERISTICS |
| fixed length control field |
m o d |
| 007 - PHYSICAL DESCRIPTION FIXED FIELD--GENERAL INFORMATION |
| fixed length control field |
cr cnu---unuuu |
| 008 - FIXED-LENGTH DATA ELEMENTS--GENERAL INFORMATION |
| fixed length control field |
160527s2014 gw a ob 001 0 eng d |
| 020 ## - INTERNATIONAL STANDARD BOOK NUMBER |
| International Standard Book Number |
9783642372629 (electronic bk.) |
| 020 ## - INTERNATIONAL STANDARD BOOK NUMBER |
| International Standard Book Number |
3642372627 (electronic bk.) |
| 020 ## - INTERNATIONAL STANDARD BOOK NUMBER |
| International Standard Book Number |
9783642372612 |
| 035 ## - SYSTEM CONTROL NUMBER |
| System control number |
(OCoLC)863638434 |
| 035 ## - SYSTEM CONTROL NUMBER |
| System control number |
(OCoLC)ocn863638434 |
| 039 #9 - LEVEL OF BIBLIOGRAPHIC CONTROL AND CODING DETAIL [OBSOLETE] |
| Level of rules in bibliographic description |
201809071346 |
| Level of effort used to assign nonsubject heading access points |
VLOAD |
| Level of effort used to assign subject headings |
201605271035 |
| Level of effort used to assign classification |
shuhada |
| Level of effort used to assign subject headings |
201605271031 |
| Level of effort used to assign classification |
shuhada |
| -- |
201407181833 |
| -- |
shuhada |
| 040 ## - CATALOGING SOURCE |
| Original cataloging agency |
GW5XE |
| Language of cataloging |
eng |
| Description conventions |
rda |
| -- |
pn |
| Transcribing agency |
GW5XE |
| Modifying agency |
N$T |
| -- |
COO |
| -- |
OHS |
| 082 04 - DEWEY DECIMAL CLASSIFICATION NUMBER |
| Classification number |
617.539 |
| Edition number |
23 |
| 100 1# - MAIN ENTRY--PERSONAL NAME |
| Personal name |
Youn, Yeo-Kyu, |
| Relator term |
author. |
| 9 (RLIN) |
205467 |
| 245 10 - TITLE STATEMENT |
| Title |
Color atlas of thyroid surgery : |
| Remainder of title |
open, endoscopic and robotic procedues / |
| Statement of responsibility, etc. |
Yeo-Kyu Youn, Kyu Eun Lee, June Young Choi. |
| 264 #1 - PRODUCTION, PUBLICATION, DISTRIBUTION, MANUFACTURE, AND COPYRIGHT NOTICE |
| Place of production, publication, distribution, manufacture |
Berlin : |
| Name of producer, publisher, distributor, manufacturer |
Springer, |
| Date of production, publication, distribution, manufacture, or copyright notice |
2014. |
| 300 ## - PHYSICAL DESCRIPTION |
| Extent |
1 online resource (xii, 200 pages) : |
| Other physical details |
illustrations. |
| 336 ## - CONTENT TYPE |
| Content type term |
text |
| Content type code |
txt |
| Source |
rdacontent |
| 337 ## - MEDIA TYPE |
| Media type term |
computer |
| Media type code |
c |
| Source |
rdamedia |
| 338 ## - CARRIER TYPE |
| Carrier type term |
online resource |
| Carrier type code |
cr |
| Source |
rdacarrier |
| 504 ## - BIBLIOGRAPHY, ETC. NOTE |
| Bibliography, etc. note |
Includes bibliographical references and index. |
| 588 ## - SOURCE OF DESCRIPTION NOTE |
| Source of description note |
Description based on print version record. |
| 650 #0 - SUBJECT ADDED ENTRY--TOPICAL TERM |
| Topical term or geographic name entry element |
Thyroid gland |
| General subdivision |
Surgery |
| Form subdivision |
Atlases. |
| 9 (RLIN) |
205468 |
| 700 1# - ADDED ENTRY--PERSONAL NAME |
| Personal name |
Lee, Kyu Eun, |
| Relator term |
author. |
| 9 (RLIN) |
205469 |
| 700 1# - ADDED ENTRY--PERSONAL NAME |
| Personal name |
Choi, June Young, |
| Relator term |
author. |
| 9 (RLIN) |
205470 |
| 776 08 - ADDITIONAL PHYSICAL FORM ENTRY |
| Relationship information |
Print version: |
| Main entry heading |
Youn, Yeo-Kyu. |
| Title |
Color Atlas of Thyroid Surgery |
| Main entry heading |
3642372619 |
| Record control number |
(OCoLC)858089050 |
| 856 40 - ELECTRONIC LOCATION AND ACCESS |
| Uniform Resource Identifier |
https://ezproxy.taylors.edu.my/login?url=http://search.ebscohost.com/login.aspx?direct=true&scope=site&db=nlebk&db=nlabk&AN=663399 |
| Public note |
An electronic book accessible through the World Wide Web; click to view |